000 00221nam a22000857a 4500
008 160715b xxu||||| |||| 00| 0 eng d
100 _92900
_a Edwards, I.E.S
245 _aThe Pyramids of Egypt
260 _aEgypt
_b Penguin
_c1986
999 _c2465
_d2465